[Event "11th EUR-ch"]
[Site "Rijeka CRO"]
[Date "2010.03.11"]
[Round "6"]
[White "Swiercz, Dariusz"]
[Black "Lysyi, Igor"]
[Result "1/2-1/2"]
[WhiteElo "2488"]
[BlackElo "2615"]
[EventDate "2010.03.06"]
[PlyCount "111"]

1.c4 Nf6 2.Nc3 c5 3.Nf3 e6 4.d4 cxd4 5.Nxd4 d5 6.Bg5 e5 7.Nf3 d4 8.Nd5 Nc6
9.g3 Be6 10.Bxf6 gxf6 11.Bg2 f5 12.O-O Bg7 13.Qb3 Rb8 14.e3 O-O 15.Nh4 Qd6
16.Rad1 Rfc8 17.Qd3 e4 18.Qe2 b5 19.b3 bxc4 20.bxc4 Ne7 21.Nxe7+ Qxe7 22.
exd4 Bxc4 23.Nxf5 Qf6 24.Qxe4 Bxf1 25.Rxf1 Re8 26.Qg4 Kh8 27.d5 Bf8 28.h4 
Rb4 29.Qf3 Rb2 30.Rc1 Rxa2 31.Rc6 Qe5 32.Ne3 Bg7 33.h5 h6 34.Qxf7 Rf8 35.
Qg6 Raxf2 36.Re6 Qa1+ 37.Kh2 R2f6 38.Qg4 Rxe6 39.dxe6 Qe5 40.Be4 Qg5 41.
Qxg5 hxg5 42.e7 Re8 43.Nd5 Bf6 44.Nxf6 Rxe7 45.Bd5 a5 46.Kh3 a4 47.Kg4 a3 
48.Kf5 Re2 49.Ne4 g4 50.Kf4 Kg7 51.Nc3 Rc2 52.Na2 Rd2 53.Bb3 Rb2 54.Bc4 
Rc2 55.Bb3 Rb2 56.Bc4 1/2-1/2

[Event "11th EUR-ch"]
[Site "Rijeka CRO"]
[Date "2010.03.11"]
[Round "6"]
[White "Nabaty, Tamir"]
[Black "Howell, David"]
[Result "1/2-1/2"]
[WhiteElo "2485"]
[BlackElo "2612"]
[EventDate "2010.03.06"]
[PlyCount "40"]

1.e4 e5 2.Nf3 Nc6 3.d4 exd4 4.Nxd4 Bc5 5.Be3 Qf6 6.c3 Nge7 7.Bc4 b6 8.O-O 
O-O 9.Nxc6 Qxc6 10.Bxc5 Qxc5 11.Qd4 d6 12.Qxc5 bxc5 13.Nd2 a5 14.b3 Ba6 
15.Rab1 Rfb8 16.Rfe1 Kf8 17.f3 f6 18.Kf2 Bxc4 19.bxc4 Nc8 20.Ke2 Ke7 
1/2-1/2

[Event "11th EUR-ch"]
[Site "Rijeka CRO"]
[Date "2010.03.11"]
[Round "6"]
[White "Stocek, Jiri"]
[Black "Korobov, Anton"]
[Result "1-0"]
[WhiteElo "2591"]
[BlackElo "2663"]
[EventDate "2010.03.06"]
[PlyCount "53"]

1.d4 Nf6 2.c4 g6 3.Nc3 Bg7 4.Nf3 d6 5.h3 Nbd7 6.Bf4 O-O 7.e3 c6 8.Be2 a6 
9.a4 a5 10.O-O b6 11.e4 Bb7 12.e5 Ne8 13.exd6 Nxd6 14.Qd2 Nf5 15.Rad1 e6 
16.Bg5 Qe8 17.g4 Ne7 18.Rfe1 f6 19.Bh6 g5 20.Bxg7 Kxg7 21.Bd3 Ng6 22.Bxg6 
hxg6 23.Qe3 c5 24.Nb5 cxd4 25.Nfxd4 e5 26.Nd6 Qb8 27.Ne6+ 1-0

[Event "11th EUR-ch"]
[Site "Rijeka CRO"]
[Date "2010.03.11"]
[Round "6"]
[White "Zhigalko, Andrei"]
[Black "Berkes, Ferenc"]
[Result "1/2-1/2"]
[WhiteElo "2587"]
[BlackElo "2659"]
[EventDate "2010.03.06"]
[PlyCount "54"]

1.e4 c6 2.d4 d5 3.Nc3 dxe4 4.Nxe4 Bf5 5.Nc5 b6 6.Nb3 e6 7.Nf3 Nf6 8.g3 
Nbd7 9.Bg2 Rc8 10.O-O Bg6 11.Qe2 Be7 12.Ne5 Nxe5 13.dxe5 Nd5 14.h4 h6 15.
h5 Bh7 16.c4 Nb4 17.Rd1 Qc7 18.a3 Nc2 19.Ra2 a5 20.Bf4 a4 21.Na1 Nxa1 22.
Raxa1 O-O 23.Be4 Bxe4 24.Qxe4 Rfd8 25.Qc2 Qa7 26.Rxd8+ Rxd8 27.Rd1 Rxd1+ 
1/2-1/2

[Event "11th EUR-ch"]
[Site "Rijeka CRO"]
[Date "2010.03.11"]
[Round "6"]
[White "Laznicka, Viktor"]
[Black "Pavasovic, Dusko"]
[Result "1/2-1/2"]
[WhiteElo "2659"]
[BlackElo "2579"]
[EventDate "2010.03.06"]
[PlyCount "38"]

1.e4 e5 2.Nf3 Nc6 3.Bc4 Bc5 4.O-O Nf6 5.d4 Bxd4 6.Nxd4 Nxd4 7.f4 d6 8.fxe5
dxe5 9.Bg5 Qe7 10.Na3 Bd7 11.Qe1 Ne6 12.Bxf6 gxf6 13.Qe3 Rg8 14.Rf2 Rg6 
15.Raf1 Nf4 16.Kh1 a6 17.g3 Nh3 18.Rd2 Bg4 19.Be2 Bxe2 1/2-1/2

[Event "11th EUR-ch"]
[Site "Rijeka CRO"]
[Date "2010.03.11"]
[Round "6"]
[White "Roiz, Michael"]
[Black "Arutinian, David"]
[Result "1/2-1/2"]
[WhiteElo "2652"]
[BlackElo "2576"]
[EventDate "2010.03.06"]
[PlyCount "75"]

1.d4 d5 2.Nf3 Nf6 3.c4 e6 4.Nc3 Bb4 5.cxd5 exd5 6.Bg5 h6 7.Bxf6 Qxf6 8.Qb3
c5 9.a3 Bxc3+ 10.Qxc3 Nd7 11.e3 O-O 12.Be2 b6 13.O-O Bb7 14.b3 Rfd8 15.
Rfc1 Rac8 16.dxc5 Qxc3 17.Rxc3 Rxc5 18.Rac1 Rdc8 19.Rxc5 bxc5 20.b4 c4 21.
Nd4 Ra8 22.Rb1 Kf8 23.Kf1 g6 24.Ke1 Ke7 25.Kd2 Nb6 26.Bd1 Nc8 27.a4 Nd6 
28.Bc2 Kd7 29.Kc3 a6 30.Ne2 Ne8 31.Rd1 Nc7 32.h4 Kd6 33.Ng3 Ke5 34.f4+ Kf6
35.h5 Re8 36.Kd2 d4 37.exd4 Bxg2 38.Rg1 1/2-1/2

[Event "11th EUR-ch"]
[Site "Rijeka CRO"]
[Date "2010.03.11"]
[Round "6"]
[White "Fridman, Daniel"]
[Black "Ragger, Markus"]
[Result "1/2-1/2"]
[WhiteElo "2650"]
[BlackElo "2572"]
[EventDate "2010.03.06"]
[PlyCount "56"]

1.Nf3 d5 2.d4 Nf6 3.c4 c6 4.Nc3 dxc4 5.a4 Bf5 6.Ne5 Nbd7 7.Nxc4 Qc7 8.g3 
e5 9.dxe5 Nxe5 10.Bf4 Nfd7 11.Bg2 g5 12.Ne3 gxf4 13.Nxf5 O-O-O 14.Qc2 Kb8 
15.O-O fxg3 16.hxg3 h5 17.Rfc1 Nf6 18.b4 h4 19.Nxh4 Neg4 20.Ne4 Nxf2 21.
Kxf2 Ng4+ 22.Kf3 Nh2+ 23.Kf2 Ng4+ 24.Kf3 Rxh4 25.gxh4 Nh2+ 26.Kf2 Ng4+ 27.
Kf3 Nh2+ 28.Kf2 Ng4+ 1/2-1/2

[Event "11th EUR-ch"]
[Site "Rijeka CRO"]
[Date "2010.03.11"]
[Round "6"]
[White "Zhigalko, Sergei"]
[Black "Reinderman, Dimitri"]
[Result "0-1"]
[WhiteElo "2648"]
[BlackElo "2576"]
[EventDate "2010.03.06"]
[PlyCount "66"]

1.e4 e6 2.d4 d5 3.e5 c5 4.c3 Nc6 5.Nf3 Nh6 6.a3 f6 7.b4 cxd4 8.cxd4 fxe5 
9.Nxe5 Nxe5 10.dxe5 Nf7 11.Bb2 a5 12.bxa5 Qxa5+ 13.Nd2 Bc5 14.Qc2 Bd7 15.
Bc3 Qa7 16.Nf3 Rc8 17.Bd3 Bb6 18.O-O d4 19.Bxh7 Rxc3 20.Qg6 Kf8 21.Rae1 
Bc6 22.Nh4 Bd8 23.Nf5 exf5 24.e6 b5 25.Qxf5 Rc5 26.Qd3 Rg5 27.Be4 Ne5 28.
Qb3 Bxe4 29.Rxe4 Qa4 30.Rf4+ Ke8 31.Qb1 Qc4 32.h4 Rxh4 33.Rc1 Qd5 0-1

[Event "11th EUR-ch"]
[Site "Rijeka CRO"]
[Date "2010.03.11"]
[Round "6"]
[White "Gustafsson, Jan"]
[Black "Mastrovasilis, Dimitrios"]
[Result "1/2-1/2"]
[WhiteElo "2646"]
[BlackElo "2574"]
[EventDate "2010.03.06"]
[PlyCount "119"]

1.d4 d5 2.c4 c6 3.Nf3 Nf6 4.Nc3 dxc4 5.a4 Bf5 6.Ne5 e6 7.f3 c5 8.e4 Bg6 9.
Be3 cxd4 10.Qxd4 Qxd4 11.Bxd4 Nfd7 12.Nxd7 Nxd7 13.Bxc4 Rc8 14.Ba2 a5 15.
h4 h5 16.Ke2 Rg8 17.Nb5 Bc5 18.Bc3 b6 19.Rhd1 Ke7 20.Rd2 f6 21.Rad1 Rgd8 
22.Na7 Rc7 23.Nb5 Rcc8 24.Nd4 Bxd4 25.Bxd4 Be8 26.Be3 Rc6 27.Bf4 e5 28.Be3
Rdc8 29.Bd5 Rc2 30.b3 Bf7 31.Bxf7 Kxf7 32.Rxc2 Rxc2+ 33.Rd2 Rc7 34.Rd5 Ke6
35.Kd3 Rc6 36.g4 g6 37.Rb5 Rd6+ 38.Ke2 Rc6 39.Kf2 f5 40.exf5+ gxf5 41.
gxf5+ Kxf5 42.Ke2 Rg6 43.Rd5 Ke6 44.Rb5 Kf5 45.Bg5 Rc6 46.Bd8 Kf4 47.Bg5+ 
Kf5 48.Bd2 Rg6 49.Be3 Rg2+ 50.Bf2 Rg6 51.Rd5 Ke6 52.Rd1 Rg2 53.Kf1 Rg8 54.
Rc1 Kd5 55.Rc7 Kd6 56.Rc4 Kd5 57.Rc1 Nc5 58.Rd1+ Ke6 59.Rc1 Kd5 60.Rd1+ 
1/2-1/2

[Event "11th EUR-ch"]
[Site "Rijeka CRO"]
[Date "2010.03.11"]
[Round "6"]
[White "Popov, Valery"]
[Black "Predojevic, Borki"]
[Result "1/2-1/2"]
[WhiteElo "2585"]
[BlackElo "2639"]
[EventDate "2010.03.06"]
[PlyCount "30"]

1.d4 d5 2.c4 c6 3.Nf3 Nf6 4.e3 Bf5 5.Nc3 e6 6.Nh4 Bg6 7.Be2 Nbd7 8.O-O Bd6
9.g3 Qe7 10.Qb3 Rb8 11.Bd2 O-O 12.Nxg6 hxg6 13.Rad1 a6 14.Bc1 dxc4 15.Qxc4
c5 1/2-1/2

[Event "11th EUR-ch"]
[Site "Rijeka CRO"]
[Date "2010.03.11"]
[Round "6"]
[White "l`Ami, Erwin"]
[Black "Kovacevic, Aleksandar"]
[Result "1/2-1/2"]
[WhiteElo "2628"]
[BlackElo "2574"]
[EventDate "2010.03.06"]
[PlyCount "69"]

1.d4 Nf6 2.c4 e6 3.Nf3 c5 4.d5 d6 5.Nc3 exd5 6.cxd5 g6 7.g3 Bg7 8.Bg2 O-O 
9.O-O Re8 10.Nd2 Nbd7 11.h3 a6 12.a4 Rb8 13.Nc4 Ne5 14.Na3 Nh5 15.Kh2 f5 
16.e4 fxe4 17.Nxe4 b5 18.axb5 axb5 19.Nc2 Nf7 20.Ne3 Nf6 21.Nxf6+ Qxf6 22.
Ra2 Bd7 23.b3 Ra8 24.Re2 Ra1 25.Qc2 Qc3 26.Bb2 Qxc2 27.Rxc2 Bxb2 28.Rxb2 
Rea8 29.Rxa1 Rxa1 30.Bf1 Ng5 31.Bg2 Bxh3 32.Bxh3 Nf3+ 33.Kg2 Ne1+ 34.Kh2 
Nf3+ 35.Kg2 1/2-1/2

[Event "11th EUR-ch"]
[Site "Rijeka CRO"]
[Date "2010.03.11"]
[Round "6"]
[White "Zelcic, Robert"]
[Black "Delchev, Alexander"]
[Result "0-1"]
[WhiteElo "2547"]
[BlackElo "2625"]
[EventDate "2010.03.06"]
[PlyCount "148"]

1.e4 c6 2.d4 d5 3.Nc3 dxe4 4.Nxe4 Bf5 5.Ng3 Bg6 6.h4 h6 7.Nf3 Nd7 8.h5 Bh7
9.Bd3 Bxd3 10.Qxd3 e6 11.Bd2 Ngf6 12.O-O-O Be7 13.Kb1 Qb6 14.Ne4 Nxe4 15.
Qxe4 Nf6 16.Qe5 Qb5 17.Rde1 O-O-O 18.Bf4 Qxe5 19.dxe5 Nd5 20.Bc1 b5 21.Re4
Bc5 22.Rf1 Rhe8 23.g4 Kb7 24.Ne1 Bf8 25.f4 c5 26.Re2 c4 27.f5 f6 28.exf6 
Nxf6 29.fxe6 Rd6 30.a4 b4 31.Bxh6 Rdxe6 32.Rxe6 Rxe6 33.Bd2 Bd6 34.Nf3 Re4
35.Ng5 Re2 36.Bf4 Bc5 37.Bc1 Nxg4 38.Rf7+ Re7 39.Rf4 Ne5 40.Re4 Kc6 41.Bf4
Kd5 42.Re1 Ng4 43.Rxe7 Bxe7 44.Nf7 Bf8 45.a5 a6 46.Kc1 Ke6 47.Nd8+ Kd5 48.
Nf7 Nh6 49.Ng5 Be7 50.Kd2 Bd8 51.b3 cxb3 52.cxb3 Bxa5 53.Kd3 Bd8 54.Bd2 
Be7 55.Nh3 Bd6 56.Nf4+ Bxf4 57.Bxf4 Nf5 58.Bg5 Nd4 59.Be7 a5 60.Bf8 Ne6 
61.Be7 Nf4+ 62.Ke3 Nxh5 63.Bd8 a4 64.bxa4 Kc4 65.a5 Kb5 66.Kd4 Nf4 67.Be7 
Ne6+ 68.Kd3 Nc5+ 69.Kd4 Na6 70.Bf8 g6 71.Bg7 Kxa5 72.Kc4 Ka4 73.Bh6 Nc7 
74.Bc1 b3 0-1

[Event "11th EUR-ch"]
[Site "Rijeka CRO"]
[Date "2010.03.11"]
[Round "6"]
[White "Brkic, Ante"]
[Black "Beliavsky, Alexander"]
[Result "1-0"]
[WhiteElo "2543"]
[BlackElo "2657"]
[EventDate "2010.03.06"]
[PlyCount "73"]

1.e4 e5 2.Nf3 Nc6 3.Bc4 Nf6 4.d3 Be7 5.O-O O-O 6.Re1 d6 7.a4 h6 8.a5 a6 9.
c3 Nh7 10.Be3 Kh8 11.Qb3 Ng5 12.Nbd2 Qe8 13.d4 Bf6 14.d5 Ne7 15.Bf1 Ng6 
16.c4 Be7 17.Rec1 c5 18.Nxg5 Bxg5 19.Bxg5 hxg5 20.Qb6 Qd8 21.b4 Qxb6 22.
axb6 cxb4 23.c5 dxc5 24.Rxc5 f5 25.Rc7 Rd8 26.f3 a5 27.Bb5 Nf8 28.Nc4 Bd7 
29.Bxd7 Nxd7 30.Rxa5 Rxa5 31.Nxa5 Ra8 32.Nc4 Ra1+ 33.Kf2 Rc1 34.Nd2 Nc5 
35.d6 Rc2 36.Ke2 b3 37.Rxc5 1-0

[Event "11th EUR-ch"]
[Site "Rijeka CRO"]
[Date "2010.03.11"]
[Round "6"]
[White "Krasenkow, Michal"]
[Black "Guliev, Namig"]
[Result "1/2-1/2"]
[WhiteElo "2652"]
[BlackElo "2516"]
[EventDate "2010.03.06"]
[PlyCount "82"]

1.Nf3 d5 2.d4 Nf6 3.c4 dxc4 4.e3 e6 5.Bxc4 a6 6.Qe2 c5 7.dxc5 Bxc5 8.O-O 
Nc6 9.e4 b5 10.Bb3 Nd4 11.Nxd4 Qxd4 12.Be3 Qe5 13.Bxc5 Qxc5 14.Nc3 Bb7 15.
Rad1 O-O 16.e5 Qc6 17.f4 Ne4 18.Nxe4 Qxe4 19.Qxe4 Bxe4 20.Rd4 Bf5 21.Rfd1 
Rac8 22.R1d2 h6 23.Bd1 g5 24.g4 Bb1 25.b4 gxf4 26.Kf2 Rc3 27.Rxf4 Rfc8 28.
Rd7 Bg6 29.h4 R8c4 30.Rxc4 bxc4 31.Ke1 Rh3 32.Rc7 c3 33.h5 Be4 34.Bb3 Bd5 
35.Bxd5 exd5 36.Kd1 d4 37.Rc4 Rh1+ 38.Kc2 Rh2+ 39.Kc1 Rh1+ 40.Kc2 Rh2+ 41.
Kc1 Rh1+ 1/2-1/2

[Event "11th EUR-ch"]
[Site "Rijeka CRO"]
[Date "2010.03.11"]
[Round "6"]
[White "Papin, Vasily"]
[Black "Savchenko, Boris"]
[Result "0-1"]
[WhiteElo "2532"]
[BlackElo "2652"]
[EventDate "2010.03.06"]
[PlyCount "80"]

1.d4 Nf6 2.c4 c5 3.d5 e6 4.Nc3 exd5 5.cxd5 g6 6.Nf3 Bg7 7.e4 d6 8.h3 O-O 
9.Bd3 a6 10.a4 Nbd7 11.O-O Re8 12.Bf4 Qe7 13.Re1 Nh5 14.Bh2 Qf8 15.Qc2 Ne5
16.Be2 Nxf3+ 17.Bxf3 Nf6 18.e5 Nd7 19.exd6 Ne5 20.Be2 Qxd6 21.Qb3 f5 22.
Bf1 Bd7 23.Re2 c4 24.Bxe5 Bxe5 25.Qxc4 Kg7 26.Rd2 h5 27.Ne2 Bf6 28.Qb3 Re4
29.Nc3 Rb4 30.Qa3 Re8 31.a5 Qf4 32.Rad1 Rd4 33.Re2 Rxd1 34.Nxd1 Rxe2 35.
Bxe2 Qd2 36.Bf3 Qe1+ 37.Kh2 h4 38.g3 hxg3+ 39.Kg2 gxf2 40.Nxf2 Bd4 0-1

[Event "11th EUR-ch"]
[Site "Rijeka CRO"]
[Date "2010.03.11"]
[Round "6"]
[White "Socko, Bartosz"]
[Black "Janssen, Ruud"]
[Result "1-0"]
[WhiteElo "2637"]
[BlackElo "2516"]
[EventDate "2010.03.06"]
[PlyCount "101"]

1.e4 e5 2.Nf3 Nc6 3.Bc4 Bc5 4.c3 Nf6 5.d4 exd4 6.e5 d5 7.Bb5 Ne4 8.cxd4 
Bb6 9.Nc3 O-O 10.Be3 Bf5 11.O-O h6 12.Na4 Bg4 13.h3 Bxf3 14.gxf3 Ng5 15.
Nxb6 axb6 16.f4 Nxd4 17.fxg5 Nxb5 18.gxh6 g6 19.h7+ Kxh7 20.a4 d4 21.Bf4 
Na7 22.Qg4 Qd5 23.Qh4+ Kg8 24.Bg5 Qxe5 25.Rae1 Qh8 26.Qxh8+ Kxh8 27.Bf6+ 
Kh7 28.Re4 g5 29.f4 Rae8 30.Rxd4 gxf4 31.Rdxf4 Rg8+ 32.Kh1 Rg6 33.Bc3 f6 
34.Rxf6 Rxf6 35.Rxf6 Re7 36.Kg2 Nc8 37.Kf3 Rd7 38.Kf4 Nd6 39.Rf8 Re7 40.h4
Nf7 41.Rb8 c6 42.Kf5 Nd6+ 43.Kf6 Re4 44.Rd8 Rf4+ 45.Ke6 Nc4 46.b3 Ne3 47.
h5 Kh6 48.Ke5 Rg4 49.Bd2 Rg5+ 50.Ke4 Kxh5 51.Bxe3 1-0

[Event "11th EUR-ch"]
[Site "Rijeka CRO"]
[Date "2010.03.11"]
[Round "6"]
[White "Narciso Dublan, Marc"]
[Black "Landa, Konstantin"]
[Result "1/2-1/2"]
[WhiteElo "2530"]
[BlackElo "2635"]
[EventDate "2010.03.06"]
[PlyCount "139"]

1.c4 e6 2.g3 Nf6 3.Bg2 d5 4.Nf3 dxc4 5.Qa4+ c6 6.Qxc4 b5 7.Qc2 Bb7 8.O-O 
Nbd7 9.b3 Be7 10.Bb2 O-O 11.d3 c5 12.Nbd2 Qb6 13.Rac1 Nd5 14.d4 Rfc8 15.
Qb1 cxd4 16.Bxd4 Qd8 17.Qa1 Bf8 18.Ne5 a5 19.Nd3 Rxc1 20.Rxc1 Rc8 21.Nf1 
Rxc1 22.Qxc1 Qa8 23.Ne3 a4 24.bxa4 bxa4 25.Qb2 Bc6 26.Ng4 Ne7 27.Bxc6 Qxc6
28.Nge5 Nxe5 29.Bxe5 f6 30.Bd4 e5 31.Bc5 e4 32.Bxe7 Bxe7 33.Nf4 Bd6 34.e3 
Bxf4 35.exf4 h6 36.f5 Qd5 37.Qa3 Qb5 38.Kg2 Kh7 39.g4 h5 40.Qh3 Kg8 41.
Qxh5 e3 42.fxe3 Qe2+ 43.Kg3 Qxe3+ 44.Kg2 Qe2+ 45.Kg3 a3 46.h4 Qe3+ 47.Kg2 
Qe2+ 48.Kg3 Qe3+ 49.Kg2 Qd2+ 50.Kf3 Qd3+ 51.Kf2 Qe4 52.Kg3 Qe2 53.Kh3 Qd3+
54.Kg2 Qd5+ 55.Kg3 Qd6+ 56.Kg2 Qc6+ 57.Kg3 Qc7+ 58.Kg2 Kf8 59.Qh8+ Kf7 60.
g5 Qc2+ 61.Kg3 Qd3+ 62.Kg2 Qe4+ 63.Kg3 Qe5+ 64.Kg2 fxg5 65.Qh5+ Kg8 66.
hxg5 Qxf5 67.Qe8+ Kh7 68.Qh5+ Kg8 69.Qe8+ Kh7 70.Qh5+ 1/2-1/2

[Event "11th EUR-ch"]
[Site "Rijeka CRO"]
[Date "2010.03.11"]
[Round "6"]
[White "Sakaev, Konstantin"]
[Black "Mastrovasilis, Athanasios"]
[Result "0-1"]
[WhiteElo "2635"]
[BlackElo "2511"]
[EventDate "2010.03.06"]
[PlyCount "84"]

1.d4 f5 2.g3 Nf6 3.Bg2 g6 4.Nf3 Bg7 5.b4 d6 6.Bb2 O-O 7.O-O Nc6 8.b5 Na5 
9.Nbd2 a6 10.a4 Bd7 11.c4 c6 12.bxc6 Bxc6 13.Ng5 Bxg2 14.Kxg2 Qb6 15.Qc2 
Rfc8 16.Rfc1 Qc6+ 17.Kg1 b5 18.c5 d5 19.f3 Bh6 20.h4 Nh5 21.Kf2 Nc4 22.
Nxc4 bxc4 23.Bc3 Rab8 24.Rg1 Rb3 25.g4 Nf4 26.Rg3 Bxg5 27.hxg5 Qe6 28.gxf5
gxf5 29.Re1 Rcb8 30.Bd2 Ng6 31.Bc1 f4 32.Rg4 Rf8 33.Bd2 Qf7 34.Qc1 Qf5 35.
Rh1 e5 36.dxe5 Qxe5 37.c6 Qd4+ 38.Kf1 c3 39.Bxf4 Qc4 40.c7 c2 41.Kf2 Rb1 
42.Bd6 Qc6 0-1

[Event "11th EUR-ch"]
[Site "Rijeka CRO"]
[Date "2010.03.11"]
[Round "6"]
[White "Papaioannou, Ioannis"]
[Black "Martinovic, Sasa"]
[Result "1/2-1/2"]
[WhiteElo "2630"]
[BlackElo "2509"]
[EventDate "2010.03.06"]
[PlyCount "82"]

1.d4 d5 2.Nf3 Nf6 3.c4 c6 4.e3 Bf5 5.Nc3 e6 6.Nh4 Bg6 7.Be2 Nbd7 8.O-O Ne4
9.g3 Nd6 10.cxd5 cxd5 11.f3 Be7 12.Nxg6 hxg6 13.e4 dxe4 14.fxe4 Bg5 15.Qb3
O-O 16.Bf4 Nb6 17.Rad1 Rc8 18.Bxd6 Qxd6 19.Nb5 Qc6 20.Qf3 Qd7 21.h4 Be7 
22.h5 gxh5 23.Qxh5 g6 24.Qh6 Qd8 25.Qf4 Rc2 26.Qg4 Rxb2 27.Rf2 Kg7 28.Rh2 
Rh8 29.Rxh8 Qxh8 30.Rf1 Qh6 31.Qf3 f6 32.Nc7 Qd2 33.Nxe6+ Kf7 34.Nf4 Qxd4+
35.Kh1 Nd7 36.Rd1 Qa4 37.Nxg6 Kxg6 38.Qf5+ Kh6 39.Rxd7 Rxe2 40.Qf4+ Kg6 
41.Qg4+ Kh6 1/2-1/2

[Event "11th EUR-ch"]
[Site "Rijeka CRO"]
[Date "2010.03.11"]
[Round "6"]
[White "Banusz, Tamas"]
[Black "Drozdovskyi, Yuri"]
[Result "0-1"]
[WhiteElo "2517"]
[BlackElo "2627"]
[EventDate "2010.03.06"]
[PlyCount "66"]

1.d4 Nf6 2.c4 e6 3.Nf3 d5 4.g3 dxc4 5.Bg2 c5 6.O-O Nc6 7.dxc5 Qxd1 8.Rxd1 
Bxc5 9.Nbd2 c3 10.bxc3 Bd7 11.Ng5 Be7 12.Nde4 Nxe4 13.Nxe4 Na5 14.Bf4 Bc6 
15.Bc7 Nc4 16.Rab1 O-O 17.Nd2 Na3 18.Rb2 Rac8 19.Bxc6 Rxc7 20.Be4 b6 21.
Rb3 Re8 22.Rc1 b5 23.Nb1 Nc4 24.Rxb5 Nd6 25.Rb4 a5 26.Ra4 Nxe4 27.Rxe4 Rb7
28.c4 Rb2 29.Nc3 Bb4 30.a4 f5 31.Nd1 Bd2 32.Ra1 fxe4 33.Nxb2 Bc3 0-1

[Event "11th EUR-ch"]
[Site "Rijeka CRO"]
[Date "2010.03.11"]
[Round "6"]
[White "Llaneza Vega, Marcos"]
[Black "Giri, Anish"]
[Result "0-1"]
[WhiteElo "2514"]
[BlackElo "2624"]
[EventDate "2010.03.06"]
[PlyCount "118"]

1.e4 c5 2.Nf3 e6 3.d4 cxd4 4.Nxd4 a6 5.Nc3 d6 6.Be3 b5 7.a3 Bb7 8.Bd3 Nd7 
9.f4 Rc8 10.Qf3 Ngf6 11.O-O g6 12.Qh3 Nc5 13.e5 Nd5 14.Ne4 Nxe4 15.Bxe4 
Nxe3 16.Qxe3 Bxe4 17.Qxe4 dxe5 18.Qxe5 Qxd4+ 19.Qxd4 Bc5 20.Qxc5 Rxc5 21.
Rf2 Ke7 22.Rd1 Rhc8 23.Rdd2 Rc4 24.Kf1 h6 25.g3 g5 26.Kg2 gxf4 27.gxf4 Kf6
28.c3 Kf5 29.Rd3 Rg8+ 30.Rg3 Rg6 31.Rxg6 fxg6 32.Kg3 a5 33.Rd2 Rxf4 34.Rd8
Rc4 35.Rf8+ Ke5 36.Rh8 h5 37.Rg8 Rg4+ 38.Kf3 Kd5 39.Rd8+ Kc4 40.Rc8+ Kd5 
41.Rd8+ Kc4 42.Rc8+ Kb3 43.Rc5 Ka4 44.b4 g5 45.Rc6 axb4 46.axb4 Rc4 47.
Rxc4 bxc4 48.h3 Kb5 49.Ke4 h4 50.Ke3 e5 51.Kf3 Kc6 52.Kf2 Kd6 53.Kf3 Kd5 
54.Kf2 e4 55.Kf1 g4 56.hxg4 h3 57.g5 h2 58.Kg2 e3 59.g6 Ke6 0-1

[Event "11th EUR-ch"]
[Site "Rijeka CRO"]
[Date "2010.03.11"]
[Round "6"]
[White "Balogh, Csaba"]
[Black "Erdogdu, Mert"]
[Result "1-0"]
[WhiteElo "2622"]
[BlackElo "2502"]
[EventDate "2010.03.06"]
[PlyCount "57"]

1.e4 c5 2.Nf3 d6 3.d4 cxd4 4.Nxd4 Nf6 5.Nc3 a6 6.Bg5 e6 7.f4 Qc7 8.Qe2 Nc6
9.O-O-O Nxd4 10.Rxd4 Be7 11.g4 h6 12.Bh4 g5 13.fxg5 Nd7 14.e5 dxe5 15.Rc4 
Qd8 16.Bg2 hxg5 17.Bg3 f6 18.Rd1 Rb8 19.Ne4 b5 20.Rc3 Kf7 21.Nxg5+ fxg5 
22.Bxe5 Bf6 23.Rf3 Qe7 24.Bxb8 Nxb8 25.Rxf6+ Kxf6 26.Rf1+ Kg6 27.Qe5 Rf8 
28.Be4+ Kh6 29.Rf3 1-0

[Event "11th EUR-ch"]
[Site "Rijeka CRO"]
[Date "2010.03.11"]
[Round "6"]
[White "Szabo, Krisztian"]
[Black "Kokarev, Dmitry"]
[Result "1/2-1/2"]
[WhiteElo "2513"]
[BlackElo "2622"]
[EventDate "2010.03.06"]
[PlyCount "81"]

1.e4 c5 2.Nf3 d6 3.d4 cxd4 4.Nxd4 Nf6 5.Nc3 a6 6.Be3 e5 7.Nb3 Be6 8.Qd2 
Nbd7 9.f4 Qc7 10.O-O-O b5 11.Kb1 Nb6 12.f5 Bd7 13.Qf2 Rb8 14.Qf3 h6 15.g4 
Nc4 16.Bc1 a5 17.Nd5 Nxd5 18.exd5 Be7 19.h4 a4 20.Nd2 a3 21.b3 Nb2 22.Re1 
h5 23.g5 g6 24.fxg6 fxg6 25.Bh3 Rf8 26.Qe4 Bf5 27.Bxf5 gxf5 28.Qe2 Na4 29.
bxa4 bxa4+ 30.Nb3 Qc5 31.Qxh5+ Kd7 32.Qf3 axb3 33.cxb3 e4 34.Qd1 Rb5 35.h5
Qc3 36.Qc2 Qxc2+ 37.Kxc2 Rxd5 38.h6 Ke6 39.h7 Rh8 40.Reg1 Bf8 41.g6 
1/2-1/2

[Event "11th EUR-ch"]
[Site "Rijeka CRO"]
[Date "2010.03.11"]
[Round "6"]
[White "Edouard, Romain"]
[Black "Chirila, Ioan-Cristian"]
[Result "1-0"]
[WhiteElo "2617"]
[BlackElo "2487"]
[EventDate "2010.03.06"]
[PlyCount "49"]

1.d4 d5 2.c4 e6 3.Nf3 c6 4.Nc3 dxc4 5.Bg5 f6 6.Bd2 b5 7.a4 b4 8.Ne4 a5 9.
e3 Ba6 10.Rc1 Qd5 11.Ng3 c5 12.e4 Qd8 13.Bxc4 Bxc4 14.Rxc4 Nd7 15.dxc5 
Bxc5 16.O-O Ne7 17.Nd4 Qb6 18.Nb3 Bd6 19.Be3 Qb8 20.Rd4 Bxg3 21.Rxd7 Bxh2+
22.Kh1 Bc7 23.Nc5 Qc8 24.Qg4 Bb6 25.Rxe7+ 1-0

[Event "11th EUR-ch"]
[Site "Rijeka CRO"]
[Date "2010.03.11"]
[Round "6"]
[White "Sebenik, Matej"]
[Black "Khairullin, Ildar"]
[Result "0-1"]
[WhiteElo "2504"]
[BlackElo "2617"]
[EventDate "2010.03.06"]
[PlyCount "64"]

1.d4 Nf6 2.c4 e6 3.g3 c5 4.d5 exd5 5.cxd5 b5 6.e4 Nxe4 7.Qe2 Qe7 8.Bg2 f5 
9.g4 Bb7 10.gxf5 Bxd5 11.Be3 Nc6 12.Nd2 Qe5 13.Bxe4 Bxe4 14.Ngf3 Bxf3 15.
Nxf3 Qxf5 16.Rg1 Be7 17.Rxg7 O-O-O 18.a4 b4 19.Rc1 Rhe8 20.Nd2 Bf8 21.Rg4 
Kc7 22.Rf4 Qd5 23.Rh4 Ne5 24.Kd1 Nd3 25.Rc2 Bg7 26.Rh5 Re5 27.Rxh7 Bh8 28.
Qf3 b3 29.Rc3 Rxe3 30.Qxe3 Bxc3 31.bxc3 Qh1+ 32.Ke2 Nc1# 0-1

[Event "11th EUR-ch"]
[Site "Rijeka CRO"]
[Date "2010.03.11"]
[Round "6"]
[White "Makarov, Marat"]
[Black "Stevic, Hrvoje"]
[Result "1/2-1/2"]
[WhiteElo "2510"]
[BlackElo "2610"]
[EventDate "2010.03.06"]
[PlyCount "44"]

1.d4 d5 2.Nf3 a6 3.g3 Nf6 4.Bg2 Bf5 5.O-O h6 6.c4 e6 7.Qb3 Nc6 8.cxd5 exd5
9.Bf4 Rb8 10.Nc3 Be7 11.Ne5 O-O 12.Rfd1 g5 13.Be3 Na5 14.Qa4 c6 15.Rf1 Nc4
16.Nxc4 b5 17.Qxa6 bxc4 18.Qxc6 Bd7 19.Qa6 Ra8 20.Qb7 Rb8 21.Qa6 Ra8 22.
Qb7 Rb8 1/2-1/2

[Event "11th EUR-ch"]
[Site "Rijeka CRO"]
[Date "2010.03.11"]
[Round "6"]
[White "Benidze, Davit"]
[Black "Kozul, Zdenko"]
[Result "0-1"]
[WhiteElo "2499"]
[BlackElo "2602"]
[EventDate "2010.03.06"]
[PlyCount "88"]

1.d4 Nf6 2.c4 g6 3.Nc3 Bg7 4.e4 d6 5.f3 O-O 6.Be3 a6 7.Qd2 c6 8.Bd3 b5 9.
Nge2 Nbd7 10.O-O Bb7 11.a3 e5 12.d5 bxc4 13.Bxc4 Nb6 14.Ba2 cxd5 15.Nxd5 
Nbxd5 16.exd5 h5 17.Rfd1 h4 18.Qb4 Qe7 19.Qxh4 Bxd5 20.Bxd5 Nxd5 21.Qxe7 
Nxe7 22.Rxd6 Nf5 23.Rd3 Rab8 24.Bc5 Rfc8 25.b4 e4 26.fxe4 Bxa1 27.exf5 Rd8
28.Rg3 Rd2 29.Nf4 Re8 30.Nd3 Be5 31.Rf3 gxf5 32.Nxe5 Rxe5 33.Rg3+ Kh7 34.
Be3 Rd1+ 35.Kf2 f6 36.Rf3 Kg6 37.Kg3 Re4 38.Bb6 Rd2 39.Kh3 Ra2 40.Bc7 Kg5 
41.Bg3 f4 42.Bh4+ Kf5 43.Bf2 Kg5 44.Bh4+ Kg6 0-1

[Event "11th EUR-ch"]
[Site "Rijeka CRO"]
[Date "2010.03.11"]
[Round "6"]
[White "Romanov, Evgeny"]
[Black "Arkell, Keith"]
[Result "1-0"]
[WhiteElo "2600"]
[BlackElo "2474"]
[EventDate "2010.03.06"]
[PlyCount "69"]

1.Nf3 Nf6 2.c4 c5 3.g3 Nc6 4.d4 cxd4 5.Nxd4 g6 6.Bg2 Bg7 7.Nc3 Nxd4 8.Qxd4
d6 9.O-O O-O 10.Qd3 Nd7 11.b3 Nc5 12.Qd2 Rb8 13.Bb2 b6 14.Rfd1 Bb7 15.Nd5 
Bxb2 16.Qxb2 Bxd5 17.Rxd5 b5 18.Rad1 Qc7 19.cxb5 Rxb5 20.Qd2 Rfb8 21.h4 a5
22.h5 a4 23.hxg6 hxg6 24.Rd4 axb3 25.Rh4 Qa5 26.Qh6 Qc3 27.Rdd4 Qxd4 28.
Qh7+ Kf8 29.Rxd4 e5 30.Bd5 R8b7 31.Rd1 b2 32.Rb1 Rc7 33.Qh6+ Ke7 34.Qg5+ 
Ke8 35.Qd2 1-0

[Event "11th EUR-ch"]
[Site "Rijeka CRO"]
[Date "2010.03.11"]
[Round "6"]
[White "Fercec, Nenad"]
[Black "Erdos, Viktor"]
[Result "1/2-1/2"]
[WhiteElo "2492"]
[BlackElo "2593"]
[EventDate "2010.03.06"]
[PlyCount "36"]

1.e4 e5 2.Nf3 Nc6 3.d4 exd4 4.Nxd4 Bc5 5.Nb3 Bb6 6.Nc3 d6 7.Qe2 Nf6 8.Be3 
Qe7 9.O-O-O Be6 10.f3 h6 11.Kb1 Bxe3 12.Qxe3 a6 13.Nd4 Nxd4 14.Qxd4 O-O 
15.Bc4 Rfe8 16.Bxe6 Qxe6 17.Nd5 Nxd5 18.Qxd5 Qxd5 1/2-1/2

[Event "11th EUR-ch"]
[Site "Rijeka CRO"]
[Date "2010.03.11"]
[Round "6"]
[White "Kotronias, Vasilios"]
[Black "Gallagher, Joseph"]
[Result "0-1"]
[WhiteElo "2593"]
[BlackElo "2486"]
[EventDate "2010.03.06"]
[PlyCount "77"]

1.e4 c5 2.Nf3 d6 3.d4 cxd4 4.Nxd4 Nf6 5.Nc3 Nc6 6.Bg5 e6 7.Qd2 a6 8.O-O-O 
Bd7 9.f4 b5 10.Bxf6 gxf6 11.Nxc6 Bxc6 12.Qe1 Be7 13.Bd3 Qb6 14.Kb1 Qc5 15.
Qg3 b4 16.Ne2 a5 17.f5 a4 18.Qg7 Rf8 19.fxe6 fxe6 20.Qxh7 a3 21.b3 Qe5 22.
c3 bxc3 23.Bc2 Kd7 24.Nd4 Bb7 25.Nf3 Qc5 26.Qh6 Rg8 27.Nd4 Qe5 28.Nf3 Qc5 
29.Rhg1 Rg4 30.Rd4 Rag8 31.g3 e5 32.Rc4 Qf2 33.Rxc3 Bxe4 34.Rc1 R8g6 35.
Qh5 Ke6 36.Nh4 Qxh2 37.Rc8 Rxg3 38.Rc7 Bf8 39.Qh7 0-1